| 000 | 01730nam a22005537a 4500 | ||
|---|---|---|---|
| 003 | OSt | ||
| 005 | 20260401113832.0 | ||
| 007 | ta | ||
| 008 | 260401s2025 ag ||||| |||| 00| 0 spa d | ||
| 020 | _a9789870349754 | ||
| 040 | _ccj catamarca | ||
| 082 | _a34:62 B587t II | ||
| 100 | 1 | 0 |
_9303 _aBielli, Gaston Enrique |
| 245 | 1 | 0 | _aTratado de la prueba electronica II |
| 250 | _a2º ed. | ||
| 260 |
_aCABA: _bLa Ley, _c2025 |
||
| 300 |
_aV.2, 784 p. _c24 cm |
||
| 500 | _aINVENTARIO Nº 8135 | ||
| 650 | 7 | _2SAIJ | |
| 653 | _aDERECHO INFORMATICO | ||
| 653 | _aPRUEBA ELECTRONICA | ||
| 653 | _aPRUEBA-CCYC | ||
| 653 | _aPRUEBA-TERCEROS DE CONFIANZA | ||
| 653 | _aPRUEBA ELECTRONICA-ACTA NOTARIAL | ||
| 653 | _aPRUEBA ELECTRONICA-NOTARIO | ||
| 653 | _aPRUEBA-RELEVANCIA | ||
| 653 | _aPERICIAS INFORMATICAS | ||
| 653 | _aPRUEBA ELECTRONICA-PROCESO CIVIL Y COMERCIAL | ||
| 653 | _aPRUEBA ELECTRONICA-PRINCIPIOS PROBATORIOS | ||
| 653 | _aTECNOACTIVISMO | ||
| 653 | _aPRUEBA ELECTRONICA-VALORACION | ||
| 653 | _aMEDIOS DE PRUEBA | ||
| 653 | _aDOCUMENTOS ELECTRONICOS | ||
| 653 | _aPRUEBA INFORMATIVA | ||
| 653 | _aEVIDENCIA DIGITAL | ||
| 653 | _aRECONOCIMIENTO JUDICIAL | ||
| 653 | _aDECLARACION DE PARTE | ||
| 653 | _aTESTIMONIAL | ||
| 653 | _aPRUEBA PERICIAL | ||
| 653 | _aESTRATEGIA PROCESAL | ||
| 653 | _aPROTOCOLO-CUSTODIA-EVIDENCIA | ||
| 653 | _aPRUEBA ELECTRONICA ANTICIPADA | ||
| 653 | _aRECONOCIMIENTO-DESCONOCIMIENTO-IMPUGNACION | ||
| 653 | _aCARGA PROBATORIA | ||
| 700 | 1 | 0 |
_9304 _aOrdoñez, Carlos J. _edir. |
| 700 | 0 |
_928 _aQuadri, Gabriel Hernan _edir. |
|
| 856 | _uhttps://drive.google.com/file/d/18P_gfCzsOmISakkymlz4L0iJ0-qHstKm/view?usp=sharing | ||
| 942 |
_2ddc _cBK _n0 |
||
| 999 |
_c6515 _d6515 |
||